Gaming Quiz

Random Gaming or Pokémon Quiz

Sporcle's Easiest Gaming Quiz Stats

 Plays Quiz Updated Jun 3, 2015

Also try: Speed Gaming
Challenge
Share
Tweet
Embed
Score 0/30 Timer 05:00
10 Plays Today
Hint Answer % Correct
Chess piecesKing
98.6%
Chess piecesQueen
98.5%
Chess piecesPawns
94.4%
Chess piecesKnights
92.8%
Chess piecesRooks
90.7%
Mario Kart racersMario
90.7%
Poker handsFlush
88.8%
Mario Kart racersLuigi
88.4%
Monopoly spaces you can't buyJust Visiting/Jail
85.9%
Monopoly spaces you can't buyGo
84.3%
Poker handsStraight Flush
84.3%
Clue(do) roomsKitchen
83.1%
Poker handsStraight
81.1%
Original PokémonPikachu
81%
Poker handsOne Pair
79.5%
Hint Answer % Correct
Poker handsTwo Pair
76%
Mario Kart racersPrincess Peach
75.6%
Monopoly spaces you can't buyChance
67.9%
Mario Kart racersBowser
64.8%
Monopoly spaces you can't buyFree Parking
63.1%
Monopoly spaces you can't buyCommunity Chest
61.7%
Clue(do) roomsLibrary
61%
Mario Kart racersToad
58.6%
Original PokémonSquirtle
55.8%
Clue(do) roomsHall
55.5%
Original PokémonCharmander
53.5%
Clue(do) roomsDining Room
52.2%
Original PokémonBulbasaur
48.9%
Clue(do) roomsStudy
48.5%
Original PokémonCharizard
40.4%

You're not logged in!

Compare scores with friends on all Sporcle quizzes.
Join for Free
OR
Log In

You Might Also Like...

Show Comments

Extras

Top Quizzes Today


Score Distribution

Your Account Isn't Verified!

In order to create a playlist on Sporcle, you need to verify the email address you used during registration. Go to your Sporcle Settings to finish the process.

Report this User

Report this user for behavior that violates our Community Guidelines.

Details: